Vista normal Vista MARC

Entrada Topical Term

Número de registros utilizados en: 1

001 - CONTROL NUMBER

  • control field: 61261

003 - CONTROL NUMBER IDENTIFIER

  • control field: OSt

005 - DATE AND TIME OF LATEST TRANSACTION

  • control field: 20250718165623.0

008 - FIXED-LENGTH DATA ELEMENTS

  • fixed length control field: 250718|| aca||aabn | a|a d

040 ## - CATALOGING SOURCE

  • Original cataloging agency: OSt
  • Transcribing agency: OSt

150 ## - HEADING--TOPICAL TERM

  • Topical term or geographic name entry element: Religiones
  • General subdivision: Historia
  • Chronological subdivision: S.XX
  • Form subdivision: Obras de divulgación

670 ## - SOURCE DATA FOUND

  • Source citation: Work cat.: (OSt)57671: Cardín, Alberto 1948-1992 61259, Movimientos religiosos modernos









Instituto Departamental de Cultura del Meta - Red Departamental de Bibliotecas Públicas del Meta.